000 00563nam a2200193Ia 4500
003 GCL
008 140319s9999 xx 000 0 eng d
020 _a3540401075
040 _aGCL /
_cGCL
082 0 4 _a363.7
_bG S
100 1 _aBRAUCH HANS GUNTER
245 1 0 _aSECURITY AND ENVIRONMENT IN THE MEDITERRANEAN /
_cBRAUCH HANS GUNTER
260 _aالمانيا :
_bSPRINGER - VERLAG ،
_c2002
300 _a27 C M ؛
_c1134 P
650 0 4 _aENVIRONMENT AND DEVELOPMENT
650 0 4 _aENVIRONMENT SCIENCE
650 0 4 _aENVIRONMENT ANAYLSIS
942 _2ddc
_cBK
999 _c7602
_d7602